[Event "IECC KO email"]
[Site "IECC email"]
[Date "1999.08.01"]
[Round "?"]
[White "Rauchle, Walter"]
[Black "Wilhelm, Tom"]
[Result "1-0"]
[WhiteElo "1199"]
[BlackElo "1354"]
[PlyCount "45"]
[EventDate "1999.??.??"]
[EventType "tourn (corr)"]
[EventRounds "6"]
[SourceTitle "Corr 2008"]
[Source "ChessBase"]
[SourceDate "2008.06.24"]
[SourceVersion "1"]
[SourceVersionDate "2008.06.24"]
[SourceQuality "1"]

1. e4 c5 2. Nf3 d6 3. d4 cxd4 4. Nxd4 Nf6 5. Nc3 g6 6. Be3 Bg7 7. f3 Nc6 8. Qd2 0-0 9. 0-0-0 d5 10. exd5 Nxd5 11. Nxc6 bxc6 12. Bd4 e5 13. Bc5 Be6 14. Ne4 Rb8 15. Bc4 Re8 16. h4 h6 17. g4 Qc7 18. Bd6 Qb6 19. Bxb8 Rxb8 20. b3 Rd8 21. g5 h5 22. Nf6+ Kf8 23. Rhe1 1-0

[Event "IECC M email"]
[Site "IECC email"]
[Date "1999.07.24"]
[Round "?"]
[White "Byrnes, Joseph J"]
[Black "Wilhelm, Tom"]
[Result "1-0"]
[WhiteElo "1500"]
[BlackElo "1374"]
[PlyCount "43"]
[EventDate "1999.??.??"]
[EventType "tourn (corr)"]
[EventRounds "6"]
[SourceTitle "Corr 2008"]
[Source "ChessBase"]
[SourceDate "2008.06.24"]
[SourceVersion "1"]
[SourceVersionDate "2008.06.24"]
[SourceQuality "1"]

1. e4 c5 2. Nf3 d6 3. d4 cxd4 4. Nxd4 Nf6 5. Nc3 g6 6. Bc4 Bg7 7. f3 0-0 8. Be3 Nc6 9. Qd2 Bd7 10. 0-0-0 Qa5 11. Bb3 Rfc8 12. h4 Ne5 13. Kb1 b5 14. Ncxb5 Qxd2 15. Bxd2 Rab8 16. Nc3 Nc4 17. Bxc4 Rxc4 18. Bg5 Rxc3 19. Kc1 Rc4 20. g4 Bxg4 21. fxg4 Nxg4 22. Nb3 1-0